Le désir de Dieu pour l'homme : Une réponse au problème de l’indifférence (notice n° 1662435)
[ vue normale ]
| 000 -LEADER | |
|---|---|
| fixed length control field | 01526cam a2200133 4500500 |
| 005 - DATE AND TIME OF LATEST TRANSACTION | |
| control field | 20260222000039.0 |
| 041 ## - LANGUAGE CODE | |
| Language code of text/sound track or separate title | fre |
| 042 ## - AUTHENTICATION CODE | |
| Authentication code | dc |
| 100 10 - MAIN ENTRY--PERSONAL NAME | |
| Personal name | Lecuit, Jean-Baptiste |
| Relator term | author |
| 245 00 - TITLE STATEMENT | |
| Title | Le désir de Dieu pour l'homme : Une réponse au problème de l’indifférence |
| 260 ## - PUBLICATION, DISTRIBUTION, ETC. | |
| Name of publisher, distributor, etc. | Éditions du Cerf,<br/> |
| Date of publication, distribution, etc. | 2017.<br/> |
| 520 ## - SUMMARY, ETC. | |
| Summary, etc. | Si l’on peut parler d’un désir de Dieu inscrit dans le cœur de l’homme, qu’en est-il du côté de Dieu? Dieu désire-t-il entrer en communion avec chacun de nous? Y aurait-il du désir dans la Trinité sainte? Après avoir élaboré une nouvelle conception du désir, Jean Baptiste Lecuit s’interroge sur le désir de l’homme pour Dieu: en quoi consiste-t-il? Quel exaucement lui est-il offert? Par quelles voies ? Est-il naturel à tout être humain? En un renversement de perspective, l’auteur s’interroge aussi sur la possibilité que Dieu désire l’être humain et son salut. Il met au jour un courant ininterrompu de Pères de l’Église, de mystiques et de théologiens qui, malgré l’avis contraire d’Augustin et de Thomas d’Aquin, n’a cessé de reconnaître et d’annoncer un tel désir, de façon toujours plus insistante. Ce parcours passionnant dans la Tradition de l’Église débouche sur une réflexion justifiant l’attribution à Dieu d’un désir pour l’homme et montrant sa portée théologique et spirituelle. |
| 856 41 - ELECTRONIC LOCATION AND ACCESS | |
| Uniform Resource Identifier | <a href="https://shs.cairn.info/le-desir-de-dieu-pour-l-homme--9782204117562?lang=fr&redirect-ssocas=7080">https://shs.cairn.info/le-desir-de-dieu-pour-l-homme--9782204117562?lang=fr&redirect-ssocas=7080</a> |
Pas d'exemplaire disponible.




Réseaux sociaux